| 000 | 00779cab a2200277 4500 | ||
|---|---|---|---|
| 001 | ABS56833 | ||
| 008 | 090401t1997 xxu||||| |||| 00| 0 eng d | ||
| 035 | _a(Sirsi) u78064 | ||
| 041 | _aeng | ||
| 100 | _aTromans, S. | ||
| 245 | _aWaste regulation in Germany and Great Britain: a comparison | ||
| 260 | _c1997 | ||
| 350 | _a0 | ||
| 490 |
_aWastes Management _vApril 1997, 40-41(2) |
||
| 520 | _aTable showing a comparison of waste regulation in Germany and Great Britain. | ||
| 650 | _aENVIRONMENTAL LAW | ||
| 650 | _aGERMANY | ||
| 650 | _aGREAT BRITAIN | ||
| 650 | _aPOLLUTION | ||
| 650 | _aWASTE MANAGEMENT | ||
| 650 | _aWASTE REGULATION | ||
| 690 | _aENVIRONMENTAL AND LAND CONSULTANCY | ||
| 700 | _aFitzGerald, J. | ||
| 942 | _n0 | ||
| 948 | _c30/04/1997 | ||
| 999 |
_c49116 _d49116 |
||